000 01682cam a22004217a 4500
003 CHAP
005 20250508085904.0
008 040330s2004 mx abd r 00010 spa d
010 _a88203
011 _a89175
035 _a99726
040 _cCHAP
090 _aTesis
100 1 0 _aFlores Gómez, Laura Adriana
_941570
245 1 0 _aEstudio de factibilidad tecnico-economico para el establecimiento de una procesadora de leche de cabra en el municipio de Allende Guanajuato
_c/por Laura Adriana Flores Gómez
260 _aChapingo, Méx. :
_bEl autor,
_c2004
300 _a142 h. :
_bilus. ; gráfs. ; mapa ; cuadros ; diagramas ; organigrama
502 _aTesis (Ing. Agroindustrial) -- UACH. Departamento de Ingeniería Agroindustrial
530 _aTambién disponible en línea
590 _aALEPH
_b10
_c20130110
_lUCH01
_h1456
590 _aBATCH-UPD
_b10
_c20130110
_lUCH01
_h0456
590 _aBATCH-UPD
_b10
_c20130410
_lUCH01
_h0134
590 _aBATCH-UPD
_b10
_c20130914
_lUCH01
_h1329
590 _aBATCH-UPD
_b10
_c20140324
_lUCH01
_h1442
590 _aBATCH-UPD
_b10
_c20141002
_lUCH01
_h0820
590 _aCONVERSION
_b10
_c20130109
_lUCH01
_h1349
650 1 4 _aEstudios de factibilidad.
_938520
650 1 4 _aGanado cabrío
_xGuanajuato.
_945014
650 1 4 _aIndustria lechera.
_957819
650 1 4 _aLeche de cabra.
_965422
650 1 4 _aLeche
_xProcesado.
_965399
856 _3Finding aid
_uhttp://10.13.5.2/tesis/99726.pdf
_zTeclea aqui
901 _aBK
905 _aMarco A. Mendoza T.
942 _cFOLL
949 _aTesis
_bBC
_cTES
_d33724000893491
_eTS2
_fc.2
_gDonaciØn
_h41613
_i99726
_si
949 _aTesis
_bBC
_cTES
_d997261
_eTS1
_gDonaciØn
_h41612
_i99726
_sb
999 _c88203
_d88203